[Event "London BBC TV"]
[Site "London"]
[Date "1977.??.??"]
[Round "3"]
[White "Karpov, Anatoly"]
[Black "Miles, Anthony John"]
[Result "1-0"]
[WhiteElo "2690"]
[BlackElo "2555"]
[Annotator "Bulletin"]
[PlyCount "119"]
[EventDate "1977.??.??"]
[EventType "k.o."]
[EventRounds "3"]
[EventCountry "ENG"]
[SourceTitle "EXT 1999"]
[Source "ChessBase"]
[SourceDate "1998.11.16"]
[SourceVersion "1"]
[SourceVersionDate "1998.11.16"]
[SourceQuality "1"]

1. c4 e6 2. Nf3 Nf6 3. Nc3 b6 4. g3 Bb7 5. Bg2 d5 6. cxd5 Nxd5 7. O-O Be7 8. d4
Nd7 9. Re1 Nxc3 10. bxc3 Be4 11. Qa4 Bd6 12. Bg5 Qc8 13. c4 O-O 14. Ne5 Bxe5
15. Bxe4 Bxd4 16. Bxa8 Bxa1 17. Rxa1 Nc5 18. Qxa7 Qxa8 19. Qxc7 Ne4 20. Bf4 Qa6
21. Rd1 g5 $6 22. Qe5 $1 Qxc4 23. Rd4 Qxa2 24. Rxe4 gxf4 25. Qg5+ Kh8 26. Qf6+
Kg8 27. Re5 Ra8 28. Kg2 fxg3 29. Rg5+ Kf8 30. Rg7 Qd5+ 31. f3 e5 32. Rxh7 Ke8
33. Kxg3 e4 34. fxe4 $2 (34. Rh8+ Kd7 35. Rxa8 Qxa8 36. Qxf7+ $18) 34... Ra3+
35. Kf2 Qc5+ 36. Kg2 Qe7 37. Qc6+ Qd7 38. Qxd7+ Kxd7 39. Rxf7+ Ke6 40. Rf3 Ra2
41. Kf2 b5 42. Rb3 Ra5 43. Kf3 Ke5 44. h4 $4 (44. Ke3 $18) 44... Ke6 $4 (44...
Kd4 $1 $10) 45. Kf4 Ra7 46. Rxb5 Rf7+ 47. Rf5 Rh7 48. h5 Rb7 49. h6 Rh7 50. Rh5
Kf6 51. Kg4 Kg6 52. e5 Re7 53. h7 Rxh7 54. Rxh7 Kxh7 55. Kf5 Kg7 56. Ke6 Kg6
57. Kd7 Kf5 58. e6 Kf4 59. e7 Kg3 60. e8=Q {etc} 1-0

[Event "World Cup"]
[Site "Skelleftea"]
[Date "1989.08.??"]
[Round "5"]
[White "Vaganian, Rafael A"]
[Black "Nikolic, Predrag"]
[Result "1/2-1/2"]
[WhiteElo "2585"]
[BlackElo "2600"]
[Annotator "Bulletin"]
[PlyCount "82"]
[EventDate "1989.08.??"]
[EventType "tourn"]
[EventRounds "15"]
[EventCountry "SWE"]
[EventCategory "16"]
[SourceTitle "CBM 014"]
[Source "ChessBase"]
[SourceDate "1990.02.01"]
[SourceVersion "1"]
[SourceVersionDate "1990.02.01"]
[SourceQuality "1"]

1. Nf3 Nf6 2. c4 e6 3. Nc3 Bb4 4. Qc2 O-O 5. a3 Bxc3 6. Qxc3 b6 7. b3 Bb7 8.
Bb2 c5 (8... d6 9. g3 Nbd7 10. Bg2 Ne5 11. O-O Nxf3+ 12. Bxf3 Bxf3 13. Qxf3 e5
14. Qg2 Re8 15. f4 e4 {Vaganian,R-Anand,V/Wihjk/1989/1/2-1/2/39/ -> CBM11}) 9.
e3 d6 10. Be2 e5 11. O-O Ne4 12. Qc2 Ng5 13. Qf5 {'+/=!' Bulletin.} h6 14. Nxg5
Qxg5 15. Qxg5 hxg5 16. d4 exd4 17. exd4 Re8 18. Rfe1 Nc6 19. dxc5 dxc5 20. Rad1
Rad8 21. Kf1 Kf8 22. Rxd8 Nxd8 23. Bc3 Be4 24. f3 Bc2 25. Bd1 Rxe1+ 26. Kxe1
Bxd1 27. Kxd1 f6 28. Ke2 Ke7 29. Ke3 Ke6 30. h3 Kf5 31. b4 Nc6 32. bxc5 bxc5
33. g4+ Ke6 34. f4 gxf4+ 35. Kxf4 g5+ 36. Ke4 Ne5 37. Bxe5 fxe5 38. Ke3 Ke7 39.
a4 a5 40. Ke2 Ke6 41. Kf3 Kf6 1/2-1/2

[Event "World U20-ch22"]
[Site "Belfort"]
[Date "1983.08.20"]
[Round "8"]
[White "Stohl, Igor"]
[Black "Saeed, Saeed Ahmed"]
[Result "1/2-1/2"]
[WhiteElo "2335"]
[BlackElo "2390"]
[Annotator "Bulletin/Primel,D"]
[PlyCount "129"]
[EventDate "1983.08.12"]
[EventType "swiss"]
[EventRounds "13"]
[EventCountry "FRA"]
[SourceTitle "EXT 2015"]
[Source "ChessBase"]
[SourceDate "2014.11.20"]
[SourceVersion "1"]
[SourceVersionDate "2014.11.20"]
[SourceQuality "1"]

1. c4 {Une partie importante dans la course au podium} e6 2. Nc3 Bb4 $5 {
Une ligne secondaire} 3. Qc2 (3. Qb3) (3. e4 Ne7 4. d4 $14 {Yudovich,
M-Borisenko,G RSFSR-ch 20th 1960 0-1}) 3... c5 4. Nf3 Nf6 {Transpose dans une
Nimzo-Anglaise} 5. a3 (5. d4) (5. g4 $5 O-O 6. g5 Ne8 7. a3 Ba5 8. Ne4 $14 {
Kosten,A (2507)-Balogh,C (2456) AUT-chT 0304 2003 (5) 1-0}) 5... Ba5 {Le coup
c5 permet de garder la paire de B en empêchant la poussée "b4"} (5... Bxc3
$143 6. Qxc3 {[%cal Gb2b4,Gc1b2]} O-O 7. b4 b6 8. Bb2 $14 (8. g3 Bb7 9. Bg2 d6
10. O-O Nbd7 11. Bb2 $14)) 6. e3 (6. g3 Nc6 7. Bg2 O-O) 6... Nc6 $5 {[%csl Gb4,
Gd4]} (6... O-O {Plus souple}) 7. d4 d6 8. Be2 (8. Bd3 O-O 9. O-O Qe7 $132 {
Stahlberg,G-Bolbochan,J Mar del Plata 1947 (2) 1/2}) 8... Qe7 {[%cal Ge6e5,
Ga5c3] Une nouveauté dans cet ordre de coups mais en fait, c'est une simple
transposition. L'idée des Noirs est l'échange Bc3 suivi de la poussée e6e5
pour libérer le Bc8 tout en controlant les cases Noires.} 9. O-O O-O 10. Bd2 {
Une variante assez passive} (10. Rd1) (10. b3) 10... Bxc3 $146 (10... b6 11.
Rad1 {Ungureanu,E (2385)-Spassov,L (2480) EU-chT (Men) 06th 1977 (5.6) 1/2})
11. Bxc3 e5 12. d5 Nb8 (12... Nd8 $143 {[%csl Rd8][%cal Gf6d7,Gf7f5,Gd8f7]})
13. b4 $1 (13. Nd2 a5 $1 {[%cal Ga5a4]}) 13... Na6 (13... Nbd7) 14. Nd2 Bd7 15.
Rae1 $14 {Les pièces Blanches sont mieux coordonnées et plus actives.} Rae8
16. Bd3 {[%csl Ra6][%cal Gf2f4] Le Na6 étant hors-jeu, les Blancs préparent
une attaque au centre et à l'aile-roi par la poussée "f4" activant la paire
de B} b5 $5 {Les Noirs sentent le danger et ils tentent de faire diversion à
l'aile-dame mais c'est un coup assez affaiblissant} 17. e4 (17. cxb5 Nc7 {
[%cal Gc7d5]}) 17... Rb8 18. cxb5 cxb4 19. axb4 Nc7 20. Bxe5 $1 (20. b6 Rxb6 (
20... axb6 21. f4 Nb5 22. Bb2 (22. fxe5 dxe5 23. Bb2 Rbc8 24. Qb3 $16)) 21. Nc4
Rbb8 22. f4 (22. Bxe5 dxe5 23. d6) 22... Nb5 23. fxe5 $40) 20... Qxe5 21. Qxc7
$6 (21. Nf3 $142 {[%cal Gf3e5] Gagne un tempo important} Qf4 22. Qxc7 Bxb5 23.
Bxb5 Rxb5 24. Qxa7 Rxb4 25. e5 dxe5 26. Nxe5 Rb5 (26... Nxd5 27. Qc5) 27. g3
Qb4 28. Nd7 Nxd7 29. Qxd7 Rb7 30. Qc6 $36 {[%csl Gd5]}) 21... Rfc8 22. Qxa7 Qc3
$1 {[%csl Rd2,Rd3] Les Noirs trouvent un contre-jeu inespéré} 23. e5 $1 Qxd3
$6 (23... dxe5 24. Ne4 Nxe4 (24... Qxd3 25. Nxf6+ gxf6 26. Qxd7) 25. Re3 $1 {
[%cal Ge3c3,Gd3e4,Gd3h7] Un fort coup intermédiaire qui a du faire hésiter
les Noirs à jouer cette variante Ne4} Bxb5 (25... Nf6 26. Bxh7+ Nxh7 27. Rxc3)
26. Bxb5 Qxb4 27. Bc6 $36 {[%csl Gc6,Gd5]}) 24. exf6 Bxb5 25. Ne4 $40 {[%csl
Ge4]} Ra8 26. Qb6 Qxd5 27. Qxd6 Qf5 28. Qg3 Qg6 29. Nd6 Rcb8 30. Nxb5 Rxb5 31.
fxg7 Rxb4 32. Qf3 Rab8 33. g3 Kxg7 34. Kg2 {Si les Blancs arrivent à
échanger les Q et une R, ils auront des bonnes chances de gain car la
structure noire est affaiblie.} Rb3 35. Qd5 {[%cal Ge1e7]} R8b5 36. Qd4+ $1 Qf6
37. Qxf6+ Kxf6 {La première étape du plan des Blancs est faite mais il sera
plus dur d'échanger une R} 38. Rc1 {[%cal Gc1c4,Gc4f4,Gc4h4]} Rb2 39. Rc4 Rf5
40. g4 (40. Rh4 Kg6 (40... h5)) 40... Rd5 41. Ra1 {Ajournement} (41. Kg3) 41...
Rb7 42. h4 (42. Ra6+ Kg7 43. h4 $36) 42... h6 43. Ra8 {[%cal Ga8g8,Gc4f4]} Kg7
$1 (43... Rd2 44. Rg8 {[%csl Rh6][%cal Gc4f4]} Rbb2 $2 45. Rf4+ Ke6 46. Re8+
Kd7 47. Rh8 $18 Rb6 48. Rxf7+) 44. Rcc8 Rd2 45. Rg8+ Kf6 46. Ra5 $6 (46. Ra6+
Ke7 47. Rc8 Rbb2 48. Rc7+ {[%csl Rf7]} Ke8 (48... Rd7 49. Rxd7+ Kxd7 50. Rxh6
$18 {[%csl Gh4]}) 49. Ra8+) 46... Rb6 47. Rf5+ Ke7 48. g5 $6 {Non seulement,
les échanges favorisent la défense mais les Noirs se débarassent d'une
faiblesse} hxg5 49. hxg5 Rd7 50. Kg3 Rbd6 51. Kg4 Rd5 $1 {Cet échange de R
que les Noirs devaient éviter en début de finale est maintenant possible
après le coup 48.g5} 52. Rf6 R5d6 53. Rf5 Rd5 54. Rf6 R5d6 55. Rh6 Rd8 56.
Rxd6 Rxg8 57. Ra6 {[%cal Gg4f5,Ga6a7]} Rb8 $1 58. f4 Rb4 59. Ra8 Rc4 60. Kf3
Rc3+ 61. Ke4 {Second ajournement mais les Blancs ne vont pas insister
longtemps.} Rc4+ 62. Ke3 Rc5 63. Kd4 Rb5 64. Rc8 Ra5 65. Rc4 {Après cette
nulle, les deux adversaires sont 04ème ex-aequo avec 5,5/8} 1/2-1/2

[Event "Buenos Aires"]
[Site "Buenos Aires"]
[Date "1980.??.??"]
[Round "?"]
[White "Timman, Jan H"]
[Black "Larsen, Bent"]
[Result "1/2-1/2"]
[WhiteElo "2600"]
[BlackElo "2590"]
[Annotator "Chekhov,V"]
[PlyCount "111"]
[EventDate "1980.10.15"]
[EventType "tourn"]
[EventRounds "13"]
[EventCountry "ARG"]
[EventCategory "13"]
[SourceTitle "MCL"]
[Source "ChessBase"]
[SourceDate "1999.07.01"]
[SourceVersion "1"]
[SourceVersionDate "1999.07.01"]
[SourceQuality "1"]

1. c4 e6 2. Nf3 Nf6 3. Nc3 Bb4 4. Qc2 O-O 5. a3 Bxc3 6. Qxc3 d6 7. e3 (7. b4 b6
8. Bb2 Bb7 9. g3 c5 10. Bg2 Nbd7 11. O-O Qc7 12. d3 Rfc8 13. Rfc1 e5 14. Bh3 $1
Re8 15. e4 Nf8 16. Nh4 Ne6 17. Qd2 $14 {Illescas Cordoba,M-Karpov,A/Wijk aan
Zee (m,1)/1993/0,5 (41) Inf 56/21/}) 7... e5 8. b4 Re8 9. Bb2 Nc6 10. Be2 Bg4
11. d3 a6 12. O-O $6 (12. h3 $1 Bh5 (12... Bxf3 13. Bxf3 d5 14. cxd5 Nxd5 15.
Qb3 $16) 13. g4 Bg6 14. Nh4 $16) 12... d5 $1 13. cxd5 Nxd5 14. Qc4 Qd7 15. Rfe1
$6 (15. Rfd1 {<<ac1 /}) 15... Rad8 16. Rad1 Kh8 17. h3 Bh5 18. Qh4 Bg6 19. Nd2
(19. Ng5 f6 (19... Qe7 20. Bh5 $1) 20. Ne4 {[]c5/}) 19... Nb6 20. Ba1 $6 (20.
Ne4 $5) (20. Nb3 $5) 20... Qe6 {1/4a2/} 21. Nc4 Na4 $5 (21... e4 $5 22. Nxb6
exd3 23. Bg4 f5 $13) 22. Bf3 (22. Bg4 f5 $1 $15) 22... f6 $15 23. Bxc6 Qxc6 24.
Rc1 Qb5 25. d4 e4 (25... exd4 26. Bxd4 Re4 27. f4) 26. Qf4 Rd7 27. Na5 c6 28.
Qg4 (28. Nb3 $5) 28... Bf5 29. Qh5 Red8 30. Nb3 Be6 31. Qxb5 axb5 32. Nc5 Nxc5
33. dxc5 $6 (33. Rxc5 $5 Bd5 {f5,g5,f4 /}) 33... Rd3 34. Bb2 (34. Bc3 $2 Ra8
$17) 34... Rb3 35. Rc2 Bc4 36. Ra1 Bd3 37. Rd2 Kg8 38. f3 (38. Bd4 Ra8 39. Bb2
Kf7) 38... exf3 39. gxf3 Re8 40. e4 (40. Kf2 $2 Bf5 $1) 40... f5 41. Re1 Bc4 $1
(41... fxe4 42. Re3 $1 $10) 42. Kg2 Bd5 $17 43. exd5 $8 (43. Rde2 fxe4 44. fxe4
Rxe4 45. Rxe4 Rxb2+) 43... Rxe1 44. d6 Re8 45. Be5 Kf7 46. Bg3 $1 (46. d7 Rd8
47. Bc7 Ke7) 46... Rd8 {<<d7/} 47. d7 h6 $6 (47... g5 $1 48. Bc7 (48. f4 Ke7
49. fxg5 Rxd7 $19) 48... Ke7 49. Re2+ Kxd7 50. Bxd8 Kxd8 51. Re5 Rxa3 52. Rxf5
Rb3 53. Rxg5 Rxb4 $17) 48. f4 $1 Re3 (48... g5 49. fxg5 hxg5 50. Bc7 Ke7 51.
Re2+ Kxd7 52. Bxd8 Kxd8 53. Re5 Rxa3 54. Rxf5 Rb3 55. Rxg5 Rxb4 $15) 49. Bh4
Re7 50. Bxe7 Kxe7 51. Re2+ Kxd7 52. h4 Re8 $5 (52... g6 $5) 53. Rxe8 $1 Kxe8
54. h5 $1 $10 Kf7 55. Kf2 Kf6 56. Kf3 (56. Kf3 g5 57. hxg6 Kxg6 58. Kg3 Kf6 59.
Kh4 Kg6 $10 (59... Ke6 60. Kh5 Kd5 61. Kxh6 Ke4 62. Kg5 $18)) 1/2-1/2

[Event "Moscow5"]
[Site "Moscow"]
[Date "1995.??.??"]
[Round "9"]
[White "Chekhov, Valery A"]
[Black "Kiselev, Sergey"]
[Result "1-0"]
[WhiteElo "2500"]
[BlackElo "2495"]
[Annotator "Chekhov,V"]
[PlyCount "48"]
[EventDate "1995.??.??"]
[EventType "tourn"]
[EventRounds "11"]
[EventCountry "RUS"]
[EventCategory "10"]
[SourceTitle "CBM 049"]
[Source "ChessBase"]
[SourceDate "1995.12.01"]
[SourceVersion "1"]
[SourceVersionDate "1995.12.01"]
[SourceQuality "1"]

1. Nf3 {Ribli} Nf6 2. c4 e6 3. Nc3 Bb4 4. Qc2 O-O 5. b3 $5 {Ribli: Weiss
waehlt eine ruhige Fortsetzung. Smejkal spielte diese Variante in der Mitte
der siebzieger Jahre oft.} d5 $5 (5... b6 6. Bb2 Bb7 7. e3 d5 8. Be2 Nbd7 9.
O-O Ne4 10. cxd5 exd5 11. Nxe4 dxe4 12. Nd4 Bd6 13. f4 exf3 14. Bxf3 Bxf3 15.
Rxf3 $14 {Balashov,Y-Kiselev,S/Vladivostok/1994/0|1/20/}) (5... c5 $5 6. Bb2
Qe7 7. e3 Nc6 8. Be2 d6 9. O-O Bxc3 10. Bxc3 e5 11. a3 Bg4 12. Rfe1 a5 $6 (
12... d5 $5) 13. d4 Bh5 14. dxe5 dxe5 15. Nxe5 $1 Nxe5 16. Bxh5 Nxh5 17. Qf5
$16 {Petrosian,T-Balashov,Y/Leningrad/1977/1|0/51/}) (5... b6 $5 {Ribli}) 6. e3
(6. Bb2 {Ribli} Re8 7. e3 c6 8. d4 a5 9. a3 Bd6 10. Be2 Nbd7 {Olafsson,
H-Wilder,M/Dortmund/1988/CBM07/}) 6... c6 7. Bb2 Nbd7 8. a3 Bd6 9. d4 {Ribli:
Wir sehen eine typische schlavische (meranische D45) Stellung, aber jetzt hat
der Anziehende ein wichtiges extra (a3) Tempi.} b6 $6 (9... Qe7 $142 10. Be2 (
10. e4 e5 $1) 10... b6 11. O-O Bb7 $132) (9... e5 $6 {Ribli} 10. cxd5 exd4 (
10... cxd5 11. Nb5 $18 {Ribli: Schwarz hat keine Moeglichkeit Bb4+ zu spielen.}
) 11. Nxd4 Nxd5 12. Nxd5 cxd5 13. Bd3 $14) (9... Re8 $5 {Ribli}) 10. e4 $1 Nxe4
11. Nxe4 dxe4 12. Qxe4 Bb7 13. Bd3 Nf6 14. Qh4 h6 15. O-O {Ribli: Schwarz
befindet sich in einer schwierigen Situation.} c5 {Schwarz sollte die Stellung
nicht oeffnen.} (15... Qe7 {Ribli} 16. Rfe1 c5 $2 17. d5 $16) (15... Re8 $5 $14
{Ribli}) 16. dxc5 bxc5 17. Rad1 Qe7 18. Rfe1 $16 (18. Ne5 $5 {Ribli} Ne4 19.
Qh5 $14) 18... Rfd8 $6 (18... Bxf3 19. gxf3 $16 (19. gxf3 {Ribli} Rfd8 20. Kh1
$40 {Droht /\ Rg1.})) (18... Rad8 $142 19. Ne5 Rfe8 20. f4 Ne4 $1 21. Qh5 $1 (
21. Qxe7 Bxe7 22. Bxe4 Rxd1 23. Rxd1 Bxe4 24. Rd7 f6 $13) 21... f5 22. Bxe4 $1
Bxe5 (22... Bxe4 23. Rxe4 fxe4 24. Nc6 Qf8 25. Nxd8 Rxd8 26. Qg6 $16) 23. Rxd8
Rxd8 (23... Qxd8 $1 $14) 24. Bxb7 Bxb2 25. Bd5 $18) 19. Ne5 Kf8 (19... Ne8 $5 {
Ribli}) 20. f4 {Droht /\ f5.} Nd7 $6 {Ribli: Ein Fehler in schlechter Stellung.
} (20... Qc7 $142) 21. Nxd7+ Rxd7 (21... Qxd7 22. Qg4 f5 23. Qg6 Qf7 24. Bxf5
$1 exf5 (24... Qxg6 25. Bxg6 Bxf4 26. Rxd8+ Rxd8 27. Rxe6 $22 Rd1+ 28. Kf2 Rd2+
29. Ke1 Rxb2 30. Re8#) 25. Rxd6 Qxg6 26. Rxg6 Rd7 27. Rxg7 $1 $18) 22. Qg4 g5 (
22... f5 23. Bxf5 exf5 24. Rxe7 fxg4 25. Rxd7 $18) (22... g6 23. Bxg6 $1 fxg6
24. Rxe6 $18 (24. Rxe6 {Ribli} Qd8 25. Qxg6 $18)) 23. f5 {Ribli: Schwarz ist
hilflos.} Rad8 (23... e5 {Ribli} 24. f6 $1 Qe6 (24... Qd8 25. Bf5 $18) 25. Bf5
$18) 24. f6 Qe8 {Ribli} (24... Qe8 25. Qh5 Kg8 26. Qxh6 Bf8 27. Qh7#) 1-0

[Event "Debrecen"]
[Site "Debrecen"]
[Date "1989.??.??"]
[Round "?"]
[White "Uhlmann, Wolfgang"]
[Black "Csom, Istvan"]
[Result "1/2-1/2"]
[WhiteElo "2515"]
[BlackElo "2545"]
[Annotator "ChessBase"]
[PlyCount "104"]
[EventDate "1989.06.??"]
[EventType "tourn"]
[EventRounds "11"]
[EventCountry "HUN"]
[EventCategory "12"]
[SourceTitle "CBM 014"]
[Source "ChessBase"]
[SourceDate "1990.02.01"]
[SourceVersion "1"]
[SourceVersionDate "1990.02.01"]
[SourceQuality "1"]

1. c4 Nf6 2. Nc3 e6 3. Nf3 Bb4 4. Qc2 c5 (4... O-O 5. a3 Bxc3 6. Qxc3 b6 7. b3
Bb7 8. Bb2 c5 {Vaganian,R-Nikolic,Pr/Skeleftea WCup/1989/ -> CBM14} (8... d6 9.
g3 Nbd7 10. Bg2 Ne5 11. O-O Nxf3+ 12. Bxf3 Bxf3 13. Qxf3 e5 14. Qg2 Re8 15. f4
$14 {Vaganian,R-Anand,V/Wijk/1989/ -> CBM11})) 5. g3 Nc6 6. Bg2 O-O 7. O-O Qe7
8. b3 {8.e3; 8.d3; 8.Rd1} d5 9. a3 Bxc3 10. Qxc3 d4 11. Qb2 e5 12. d3 a5 13. e3
$1 dxe3 (13... Bf5 14. exd4 cxd4 15. Re1 $1) 14. Bxe3 Bf5 15. Rfe1 $1 Bxd3 16.
Bg5 Rfe8 17. Re3 e4 (17... Bg6 18. Nxe5 Nxe5 19. Rae1 $16) 18. Nd2 (18. Ne1 $5
Qd6 19. Bxf6 $14) 18... Qe5 $1 19. Qxe5 Rxe5 20. Bxf6 gxf6 21. Nxe4 Bxe4 22.
Bxe4 Nd4 23. Bxb7 Rb8 24. Bd5 Nc2 25. Rxe5 fxe5 26. Rc1 Nxa3 27. Rc3 Kg7 28. g4
Nb1 29. Rf3 f6 30. Rd3 Na3 31. Be4 a4 32. Rd7+ Kf8 33. bxa4 Nxc4 34. Bd5 Rb4
35. Rf7+ Ke8 36. Rxh7 Na5 37. Be6 c4 38. h4 c3 39. Rc7 Rxa4 40. Bd7+ $2 $10 (
40. h5 $1 Kd8 41. Rxc3 Ke7 42. Bf5 Rc4 43. h6 $18) 40... Kd8 41. Bxa4 Kxc7 42.
h5 Nc4 $1 43. h6 Nd6 44. h7 Nf7 45. Bb3 Nh8 46. Kf1 Kd6 47. Ke2 Ke7 48. Kd3 Kf8
49. Kxc3 Kg7 50. Bc2 Nf7 51. Kc4 Ng5 52. Kd5 Nxh7 1/2-1/2

[Event "Munich SKA"]
[Site "Munich"]
[Date "1994.06.03"]
[Round "11"]
[White "Hertneck, Gerald"]
[Black "Benjamin, Joel"]
[Result "1/2-1/2"]
[WhiteElo "2615"]
[BlackElo "2620"]
[Annotator "ChessBase"]
[PlyCount "151"]
[EventDate "1994.05.21"]
[EventType "tourn"]
[EventRounds "11"]
[EventCountry "GER"]
[EventCategory "16"]
[SourceTitle "CBM 042"]
[Source "ChessBase"]
[SourceDate "1994.10.01"]
[SourceVersion "1"]
[SourceVersionDate "1994.10.01"]
[SourceQuality "1"]

1. c4 Nf6 2. Nc3 c5 3. g3 e6 4. Nf3 b6 5. Bg2 Bb7 6. O-O a6 7. b3 d6 8. Bb2 Be7
9. e4 O-O 10. d3 Nc6 11. d4 cxd4 12. Nxd4 Nxd4 13. Qxd4 Rb8 14. Kh1 Qc7 15. f4
Rfe8 16. Rad1 Bc6 17. a4 Bf8 18. Ba3 Rbd8 19. Qe3 Nd7 20. Qe2 Nc5 21. Qc2 Ba8
22. Rf2 g6 23. Rfd2 Bg7 24. Bb2 h5 25. Rf1 Qe7 26. f5 Be5 27. Rdf2 h4 28. f6
Qf8 29. gxh4 Qh6 30. Rf3 Qh5 31. b4 Nd7 32. Bc1 Rc8 33. Ne2 d5 34. exd5 Bxd5
35. Nf4 Bxf4 36. Rxf4 Ne5 37. Qd1 Rxc4 38. Qxh5 gxh5 39. Bxd5 exd5 40. Rf5 Ng6
41. Rxh5 Rxh4 42. Rxh4 Nxh4 43. Bg5 Re4 44. Bxh4 Rxh4 45. Rg1+ Kf8 46. Rd1 Rxb4
47. Rxd5 Ke8 48. a5 bxa5 49. Rd6 a4 50. Rxa6 Kd7 51. Kg2 Kc7 52. Ra7+ Kb6 53.
Rxf7 a3 54. Rf8 Rf4 55. Kg3 a2 56. Ra8 Rxf6 57. Rxa2 $10 Kc7 (57... Rf1 $19 {19
}) 58. Kg4 Kd7 59. Kg5 Rb6 60. Re2 Rb5+ 61. Kg6 Rb6+ 62. Kf7 Rh6 63. Rd2+ Kc7
64. Kg7 Rh3 65. Kg6 Rh8 66. Kf6 Rh5 67. Kg6 Rh8 68. Kg5 Rg8+ 69. Kh6 Rh8+ 70.
Kg6 Kc8 71. Kg5 Rg8+ 72. Kf6 Rh8 73. Ke7 Rh7+ 74. Ke6 Rh6+ 75. Kf5 Rh8 76. Kg6
1/2-1/2

[Event "Khanty-Mansiysk FIDE GP (Women)"]
[Site "Khanty-Mansiysk"]
[Date "2014.04.17"]
[Round "8"]
[White "Zhao, Xue"]
[Black "Hou, Yifan"]
[Result "1/2-1/2"]
[WhiteElo "2552"]
[BlackElo "2618"]
[Annotator "ChessBase Website"]
[PlyCount "101"]
[EventDate "2014.04.09"]
[EventType "tourn"]
[EventRounds "11"]
[EventCountry "RUS"]
[EventCategory "10"]
[SourceTitle "CBM 160"]
[Source "ChessBase"]
[SourceDate "2014.05.15"]
[SourceVersion "1"]
[SourceVersionDate "2014.05.15"]
[SourceQuality "1"]
[TimeControl "40/5400+30:1800+30"]
[WhiteClock "1:30:00"]
[BlackClock "1:30:00"]

1. c4 {[%emt 0:00:00]} b6 {[%emt 0:00:00]} 2. Nc3 {[%emt 0:02:53]} e6 {[%emt 0:
00:00]} 3. e4 {[%emt 0:04:14]} Bb7 {[%emt 0:00:09]} 4. Nf3 {[%emt 0:01:52]} Nf6
{[%emt 0:01:30]} 5. e5 {[%emt 0:01:40]} Ne4 {[%emt 0:00:15]} 6. Nxe4 {[%emt 0:
05:30]} (6. Bd3 Nxc3 7. dxc3 Be7 8. Qe2 d6 9. Bf4 Nd7 10. O-O-O Bxf3 11. Qxf3
Bg5 12. exd6 cxd6 13. Bxg5 Qxg5+ 14. Kb1 Ke7 15. h4 Qc5 16. Be2 Rhd8 17. Rd4
Rac8 18. Rhd1 Nf6 19. g4 h6 20. a3 Rc7 21. Qe3 Ne8 22. f4 Rcd7 23. g5 g6 24. b4
Qc6 25. h5 gxh5 26. f5 Rc8 27. fxe6 fxe6 28. Rf1 Qg2 29. gxh6 Nf6 30. Rg1 Qh2
31. Rg7+ Kd8 32. Qxe6 Kc7 33. Qxf6 Re8 34. Rxd7+ Kxd7 35. Bd1 Re3 {Potkin,V 
(2647)-Riazantsev,A (2708) Khanty-Mansiysk 2013 1-0}) 6... Bxe4 {[%emt 0:00:07]
} 7. Be2 {[%emt 0:00:08]} d6 {[%emt 0:06:39]} 8. O-O {[%emt 0:03:30]} Nd7 {
[%emt 0:04:58]} 9. d3 {[%emt 0:04:43]} Bb7 {[%emt 0:00:06]} 10. Bf4 {[%emt 0:
05:25]} dxe5 {[%emt 0:09:01]} 11. Nxe5 {[%emt 0:00:13]} Bd6 {[%emt 0:16:13]}
12. d4 {[%emt 0:08:37]} Qf6 {[%emt 0:04:40]} 13. Bf3 {[%emt 0:03:31]} c6 {
[%emt 0:02:01]} 14. Bg3 {[%emt 0:22:32]} Nxe5 {[%emt 0:03:18]} 15. dxe5 {
[%emt 0:00:12]} Bxe5 {[%emt 0:00:03]} 16. Qa4 $44 {[%emt 0:00:04][%csl Rc6]
Hou Yifan employed the same system she used against Stefanova earlier, except
now Zhao Xue's pawn was not on d4 just yet. This gave both players interesting
possibilities, and Zhao Xue sacrificed a pawn for a small initiative. This was
never full compensation for the pawn, but it was enough to hold equality on
most lines and eventually the game turned into a drawish endgame.} O-O {
[%emt 0:00:45]} 17. Rad1 {[%emt 0:03:59]} Bd4 {[%emt 0:02:56]} 18. Bxc6 {
[%emt 0:05:09]} Bxc6 {[%emt 0:00:06]} 19. Qxc6 {[%emt 0:00:04]} Bxb2 {[%emt 0:
01:20]} 20. Rd7 {[%emt 0:00:59]} h6 {[%emt 0:06:46]} 21. Bd6 {[%emt 0:08:18]}
Rfe8 {[%emt 0:02:51]} 22. Rxa7 {[%emt 0:01:16]} Rxa7 {[%emt 0:02:31]} 23. Qxe8+
{[%emt 0:00:07]} Kh7 {[%emt 0:00:03]} 24. Qb8 {[%emt 0:02:16]} Ra4 {[%emt 0:06:
01]} 25. Qxb6 {[%emt 0:02:57]} Rxc4 {[%emt 0:00:07]} 26. Bc5 {[%emt 0:04:31]}
Be5 {[%emt 0:09:00]} 27. Be3 {[%emt 0:02:18]} Qf5 {[%emt 0:00:33]} 28. h3 {
[%emt 0:01:55]} Qd3 {[%emt 0:06:45]} 29. Qb1 {[%emt 0:00:49]} Qg6 {[%emt 0:08:
48]} 30. Rc1 {[%emt 0:01:05]} Re4 {[%emt 0:01:06]} 31. Qd3 {[%emt 0:01:46]} h5
{[%emt 0:01:53]} 32. Kf1 {[%emt 0:00:57]} Ra4 {[%emt 0:01:20]} 33. Qb3 {
[%emt 0:00:36]} Qe4 {[%emt 0:00:33]} 34. Qc2 {[%emt 0:00:37]} Qxc2 {[%emt 0:00:
49]} 35. Rxc2 {[%emt 0:00:03]} Kg6 {[%emt 0:00:04]} 36. Ke2 {[%emt 0:00:49]}
Kf5 {[%emt 0:00:11]} 37. Kd3 {[%emt 0:00:16]} g5 {[%emt 0:00:30]} 38. Bc5 {
[%emt 0:00:51]} g4 {[%emt 0:03:25]} 39. hxg4+ {[%emt 0:00:07]} hxg4 {[%emt 0:
01:06]} 40. g3 {[%emt 0:00:00]} Ra8 {[%emt 0:00:00]} 41. a3 {[%emt 0:06:13]}
Bc7 {[%emt 0:03:20]} 42. Rc4 {[%emt 0:04:42]} e5 {[%emt 0:01:01]} 43. a4 {
[%emt 0:00:12]} Ba5 {[%emt 0:00:41]} 44. Be3 {[%emt 0:00:38]} f6 {[%emt 0:00:
26]} 45. Kc2 {[%emt 0:03:11]} Be1 {[%emt 0:00:51]} 46. Bb6 {[%emt 0:03:33]} Ra6
{[%emt 0:03:15]} 47. Be3 {[%emt 0:00:07]} Ra8 {[%emt 0:00:05]} 48. Kd1 {
[%emt 0:02:06]} Ba5 {[%emt 0:00:06]} 49. Kc2 {[%emt 0:00:08]} Be1 {[%emt 0:00:
06]} 50. Kd1 {[%emt 0:00:11]} Ba5 {[%emt 0:00:09]} 51. Kc2 {[%emt 0:00:04]}
1/2-1/2